000 00356nam a22001337a 4500
999 _c23635
_d23635
003 NUST
008 131220b xxu||||| |||| 00| 0 eng d
020 _a0671711172
_cAvailable
038 _aArshad
082 _a158
_bCOV
245 _aThe Seven Habits of Highly Effective People
_cStephen R.Covey
260 _aLahore
_bPAF Book Club
_c1996
942 _2ddc
_cBK